000 00888nam a2200265Ia 4500
003 OSt
005 20221005105647.0
006 a|||||r|||| 00| 0
007 ta
008 221004b |||||||| |||| 00| 0 hin d
020 _a818143224X (hbk)
_c85
024 _a104245
037 _b372, 17/02/2011, Vani Prakashan
_cTextual
040 _aCRL
_cCRL
_bhin
041 _2hin
_ahin
082 _aO152,2N23,BK, P4
100 _aहबीब तनवीर
245 0 _aबहादुर कलारिन
246 _aBahādur kalārina
260 _aनई दिल्ली
_bवाणी प्रकाशन भारत
_c2004
300 _a86पृ0
_ccm.
650 _aहिन्दी साहित्य
942 _hO152,2N23,BK, P4
_cTEXL
_2cc
999 _c1016490
_d1016490